|
|
|
แสดงรายละเอียดบรรณานุกรม |
|
|
Brief Record
: Get Marc (ISO 2709)
: E-mail record
: |
|
|
| LEADER 01174nam 2200277 a 4500 | |||
| 001 44967 | |||
| 003 ULIBM | |||
| 008 030417s2004 caua sb 001 0 eng | |||
| 020 ^a9786167167053 | |||
| 082 ^a923.173 ^bส-อ | |||
| 100 ^aสุนันทา ต่างใจ | |||
| 245 ^aเอบราแฮม ลิงคอล์น/^cสุนันทา ต่างใจ | |||
| 260 ^aกรุงเทพฯ:^bทีบุ๊คสมิธ,^c2553 | |||
| 300 ^a110 หน้า : 89 บาท | |||
| 650 ^aลิงคอล์น, เอบราเฮม, ค.ศ. 1809-1865Common Manลิงคอล์น, เอบราเฮม, ค.ศ. 1809-1865 | |||
| 913 ^aImported by ULIBM Administrator | |||
| 949 ^aImport form external file by ULIBM system | |||
| คุณยังไม่ได้ล็อกอิน คุณสามารถมีกิจกรรมร่วมกับเว็บไซต์ได้ แต่ต้องล็อกอินก่อน :: |
|
| สถานะ | |||||||||
| 1. | หนังสือ | 923.173 ส-อ 2004 Barcode: 077478 | ►หนังสือทั่วไป | On Shelf ขอยืม | |||||
| 2. | หนังสือ | 923.173 ส-อ 2004 Barcode: 077479 | ►หนังสือทั่วไป | On Shelf ขอยืม | |||||
| 3. | หนังสือ | 923.173 ส-อ 2004 Barcode: 077480 | ►หนังสือทั่วไป | On Shelf ขอยืม | |||||
| 4. | หนังสือ | 923.173 ส-อ 2004 Barcode: 077481 | ►หนังสือทั่วไป | On Shelf ขอยืม | |||||
| 5. | หนังสือ | 923.173 ส-อ 2004 Barcode: 077482 | ►หนังสือทั่วไป | On Shelf ขอยืม | |||||
| [แสดง 5/5 รายการ] | |||||||||

BibComment |
| คอมเมนท์ทรัพยากรรายการนี้ |
|
|
ห้องสมุดโรงเรียนสามัคคีวิทยาคม
159 ถ.บรรพปราการ ต.เวียง อ.เมือง จ.เชียงราย 57000
โทร. 053-711018 โทรสาร 053-713003